statistieken voor Belgisch kampioenschap op de weg

Klik hier om de quiz te nemen!

Generale statistieken

  • Deze quiz is al 370 keer genomen
    (25 sinds laatste reset)
  • De gemiddelde score is 108 of 256

Antwoord statistieken

Answer % Correct
Axel Merckx
100%
Eddy Merckx
100%
Roy Jans
75%
Frank Vandenbroucke
75%
Rik Van Looy
75%
Serge Baguet
75%
Roger De Vlaeminck
75%
Philippe Gilbert
75%
Jürgen Roelandts
75%
Tom Boonen
75%
Preben Van Hecke
75%
Greg Van Avermaet
75%
Yves Lampaert
75%
Jean-Luc Vandenbroucke
75%
Sep Vanmarcke
75%
Olivier Naessen
75%
Julien Stevens
50%
Ward Sels
50%
Willy Bocklant
50%
Walter Godefroot
50%
Paul Wellens
50%
Guido Reybrouck
50%
Emile Bodart
50%
Joseph Bruyère
50%
Ferdinand Bracke
50%
Johan De Muynck
50%
Herman Van Springel
50%
Jos Spruyt
50%
Guillaume Van Tongerloo
50%
Willy Van Neste
50%
Albert Van Vlierberghe
50%
Willy Planckaert
50%
Roger Swerts
50%
Emile Daems
50%
Léon Houa
50%
Jos Hoevenaars
50%
René Desmet
50%
Prosper Depredomme
50%
Albert Ramon
50%
Lode Anthonis
50%
Emmanuel Thoma
50%
Jef Schils
50%
Robert Vanderstockt
50%
Florent Rondelé
50%
Stan Ockers
50%
Roger Decock
50%
Germain Derycke
50%
Arnould Flécy
50%
André Vlayen
50%
T. Schmidt
50%
Roger Verplaetse
50%
Jef Planckaert
50%
Marc Renier
50%
Jean Adriaensens
50%
Daniel Denys
50%
Arthur Decabooter
50%
Michel Van Aerde
50%
Marcel Laurens
50%
Lucien Van Impe
50%
Jos Jacobs
50%
Kevin Van Impe
50%
Ludo Dierckxsens
50%
Kurt Van De Wouwer
50%
Peter Van Petegem
50%
Fabien De Waele
50%
Gert Vanderaerden
50%
Geert Omloop
50%
Jurgen Van Goolen
50%
Sven Vanthourenhout
50%
Nico Sijmens
50%
Tom Steels
50%
Niko Eeckhout
50%
Stijn Devolder
50%
Kristof Goddaert
50%
Frederik Veuchelen
50%
Jelle Wallays
50%
Jan Bakelants
50%
Tim Wellens
50%
Jasper Stuyven
50%
Tim Merlier
50%
Johan Bruyneel
50%
Wilfried Nelissen
50%
Dirk Heirweg
50%
Hendrik Devos
50%
Benjamin Vermeulen
50%
Frank Hoste
50%
Eddy Vanhaerens
50%
Fons De Wolf
50%
Ernest Sterckx
50%
Marc Sergeant
50%
Michel Dernies
50%
Eric Vanderaerden
50%
Eddy Planckaert
50%
Etienne De Wilde
50%
Guy Nulens
50%
Jean-Pierre Heynderickx
50%
Herman Frison
50%
Jean-Philippe Vandenbrande
50%
Edwig Van Hooydonck
50%
Frank Van Den Abeele
50%
Jim Van De Laer
50%
Johan Museeuw
50%
Johan Devos
50%
Alain Van Den Bossche
50%
Raymond Impanis
50%
Karel Clerckx
50%
Achiel Buysse
50%
Denis Verschueren
50%
Joseph Van Daele
50%
Jean Rossius
50%
Louis Mottiat
50%
Jules Vanhevel
50%
René Vermandel
50%
Félix Sellier
50%
Maurice De Waele
50%
Raymond De Corte
50%
Jules Masselis
50%
Joseph Wauters
50%
Georges Ronsse
50%
Emile Joy
50%
Gustaaf Van Slembrouck
50%
Michel Van Vlockhoven
50%
Louis Duerloo
50%
Jozef Vanderhaegen
50%
Félicien Salmon
50%
Marcel Buysse
50%
Jef Demuysere
50%
Willot
50%
René Nulens
50%
Jean Walrant
50%
Georges Van Oolen
50%
Maurice Virlée
50%
Jozef Berckmans
50%
Mathieu Quoidbach
50%
Hubert Meura
50%
Paul Burger
50%
Henri Hanlet
50%
Julien Lootens
50%
Pierre Cnops
50%
Jules Sales
50%
Théodore Sales
50%
Dieudonné Jamar
50%
Cyrille Van Hauwaert
50%
Eugène Platteau
50%
Emile Bruneau
50%
Julien Delbecque
50%
Wout Van Aert
50%
Karel Kaers
50%
André Maelbrancke
50%
André Defoort
50%
Achiel De Backer
50%
Albert Sercu
50%
Lucien Vlaemynck
50%
Rik Van Steenbergen
50%
Robert Van Eenaeme
50%
Jean Bogaerts
50%
Adelin Van Simaeys
50%
Maurice Raes
50%
Georges Claes
50%
Gustaaf Van Overloop
50%
Maurice Van Herzele
50%
Jacques Geus
50%
Michel D'Hooghe
50%
Louis Hardiquest
50%
Jean Aerts
50%
François Verstraeten
25%
Henri Luyten
25%
Ludovic Capelle
25%
Rik Verbrugghe
25%
Henri Devroye
25%
Joseph Achten
25%
Robert Wancour
25%
Odiel Defraeye
25%
Léon Chisogne
25%
Wilfried Peeters
25%
Alfons Spiessens
25%
Timothy Dupont
25%
Michel Debaets
25%
Jan Storms
25%
Johan Capiot
25%
Geert Van Bondt
25%
Emile Masson
25%
Alois Van Steenkiste
25%
Frits Vanderstuyft
25%
Jens Debusschere
25%
Georges Luyten
25%
Briek Schotte
25%
Sven Vandousselaere
25%
Gustaaf Degeetere
25%
Gianni Meersman
25%
Alphons Seys
25%
Ward Peeters
25%
Geert Verheyen
25%
Henri Bertrand
25%
Henri Marnette
25%
Benjamin Van Itterbeeck
25%
Van Horebeke
25%
Arthur Vanderstuyft
25%
Jules Defrance
25%
Marcel De Mulder
25%
François D'Haen
25%
Frans Schoubben
25%
Omer Verschoore
25%
Frans Verbeeck
25%
Frans De Mulder
25%
Willy Vannitsen
25%
Michel Pollentier
25%
Petrus Van Teemsche
25%
Freddy Maertens
25%
Willy Teirlinck
25%
Alfred Hamerlinck
25%
Ludo Van Staeyen
25%
Jozef Devries
25%
Alfons Schepers
25%
Georges Lemaire
25%
Frans Melckenbeeck
25%
Jean-Pierre Monseré
25%
Alfons De Bal
25%
Constant Huys
25%
Louis Roels
25%
Willy In 't Ven
25%
Jos Boons
25%
Jos Huysmans
25%
Robert Lelangue
25%
Louis Proost
25%
Gustave Danneels
25%
Géry Verlinden
25%
Eddy Schepers
25%
Leopold Matton
25%
Frans Aerenhouts
25%
Carlo Bomans
25%
Jan Van Ingelghem
25%
Odiel Van Den Meersschaut
25%
Victor Dethier
25%
Albertin Disseaux
25%
Rudy Dhaenens
25%
Claude Criquielion
25%
August Mortelmans
25%
Cyriel Van Overberghe
25%
Paul Haghedooren
25%
Philippe Thys
25%
Piet Oellibrandt
25%
Marcel Kint
25%
Hubert Deltour
25%
Gerard Debaets
25%
Auguste Verdyck
25%
Maurice Depauw
25%
Maurice Meersman
25%
Kamiel Haeck
0%
Emiel Van Cauter
0%
Peter Verbeken
0%
Michel Vanhaecke
0%
Ferdi Van Den Haute
0%
Valère Ollivier
0%
Jef Dervaes
0%
Félicien Vervaecke
0%

Score Distributie

Percentiel op hoeveel beantwoord

Procent van mensen met elke score

Uw Scoregeschiedenis

U hebt deze quiz nog niet genomen sinds de laatste reset